[Event "QA-ANNIV-05"]
[Site "http://www.queenalice.com/game.php?id=758930"]
[Date "2010.4.10"]
[Round "4"]
[White "alesciulli"]
[Black "luciano"]
[Result "1-0"]
[WhiteElo "1785"]
[BlackElo "1699"]

1. e4 e5 2. Nf3 Nc6 3. Bc4 Bc5 4. c3 Nf6 5. d4 exd4 6. e5 Ne4 7. cxd4 Bb4+ 8.
Nbd2 Bxd2+ 9. Bxd2 Nxd2 10. Qxd2 d6 11. exd6 Qxd6 12. Qe3+ Be6 13. d5 Qb4+ 14.
Nd2 Qxb2 15. O-O Nb4 16. dxe6 O-O-O 17. e7 1-0

[Event "Let's Play Chess!"]
[Site "http://www.queenalice.com/game.php?id=761565"]
[Date "2010.4.16"]
[Round "-"]
[White "Xmen"]
[Black "alesciulli"]
[Result "1-0"]
[WhiteElo "1708"]
[BlackElo "1791"]

1. e4 e5 2. Nf3 Nc6 3. Bb5 a6 4. Bxc6 dxc6 5. d4 exd4 6. Qxd4 Qxd4 7. Nxd4 Be7
8. O-O Nf6 9. e5 Nd5 10. f4 Bf5 11. Nxf5 O-O 12. c4 1-0

[Event "Let's Play Chess!"]
[Site "http://www.queenalice.com/game.php?id=761566"]
[Date "2010.4.16"]
[Round "-"]
[White "Xmen"]
[Black "alesciulli"]
[Result "0-1"]
[WhiteElo "1767"]
[BlackElo "1780"]

1. e4 e5 2. Nf3 Nc6 3. Bb5 a6 4. Bxc6 dxc6 5. d4 exd4 6. Qxd4 Qxd4 7. Nxd4 Be7
8. O-O Nf6 9. e5 Nd5 10. Re1 O-O 11. Bd2 Re8 12. Nc3 Bc5 13. Nb3 Bb6 14. Kh1 Bf5
15. Nxd5 cxd5 16. c3 g6 17. f4 Rad8 18. Nd4 Be4 19. Rac1 c5 20. Nf3 h6 21. Rcd1
Bf5 22. h3 d4 23. g4 Bc8 24. cxd4 cxd4 25. f5 Kg7 26. f6+ Kh7 27. Bb4 d3 28. Be7
Rd5 29. g5 Bf5 30. gxh6 Kxh6 31. Bb4 Bxh3 32. Re4 g5 33. Nxg5 Kxg5 34. Bd2+ Kf5
35. Rf4+ Ke6 36. Rdf1 Bxf1 37. Rxf1 Rxe5 38. Bf4 Re2 0-1

[Event "Let's Play Chess!"]
[Site "http://www.queenalice.com/game.php?id=762090"]
[Date "2010.4.17"]
[Round "-"]
[White "alesciulli"]
[Black "ReiNato"]
[Result "1-0"]
[WhiteElo "1773"]
[BlackElo "1770"]

1. e4 c6 2. d4 e6 3. c4 Bb4+ 4. Bd2 Bxd2+ 5. Nxd2 Qb6 6. Nb3 Ne7 7. Nf3 Qb4+ 8.
Nfd2 d5 9. f3 O-O 10. Be2 Nd7 11. O-O b6 12. Rc1 Qd6 13. cxd5 exd5 14. e5 Qh6
15. f4 Nf5 16. Bg4 Ne3 17. Qf3 Nxf1 18. Rxf1 f5 19. Bh3 a5 20. Re1 a4 21. Nc1
Bb7 22. Nd3 c5 23. e6 Nf6 24. dxc5 Ne4 25. Qe3 Nxd2 26. Qxd2 Ba6 27. cxb6 Bxd3
28. Qxd3 Qxf4 29. Qxd5 Rad8 30. Qc5 Qd4+ 31. Qxd4 Rxd4 32. e7 Re8 33. Bxf5 g6
34. b7 gxf5 35. b8=Q Rxb8 36. e8=Q+ Rxe8 37. Rxe8+ Kf7 38. Rb8 h5 39. Rb6 f4 40.
Kf2 Rd3 41. b3 Rd2+ 42. Kf3 Rxa2 43. bxa4 Rxa4 44. Rh6 Ra2 45. Rxh5 Kg6 46. Rb5
Ra4 47. Re5 Kf6 48. Re4 Rxe4 49. Kxe4 Kg5 50. Kf3 Kf5 51. h4 Ke5 52. Kg4 Kf6 53.
Kxf4 Kg6 54. g4 Kh6 55. Kf5 Kg7 56. h5 Kh6 57. Kf6 Kh7 58. g5 Kg8 59. g6 Kh8 60.
h6 Kg8 61. h7+ Kh8 62. g7+ Kxh7 63. Kf7 Kh6 64. g8=Q Kh5 65. Kf6 Kh4 66. Kf5 Kh3
67. Kf4 Kh2 68. Kf3 Kh1 69. Qg2# 1-0

[Event "Let's Play Chess!"]
[Site "http://www.queenalice.com/game.php?id=762091"]
[Date "2010.4.17"]
[Round "-"]
[White "ReiNato"]
[Black "alesciulli"]
[Result "1/2-1/2"]
[WhiteElo "1811"]
[BlackElo "1795"]

1. e4 e5 2. Nf3 Nc6 3. Bc4 Bc5 4. O-O Nf6 5. c3 Nxe4 6. Bd5 Bxf2+ 7. Rxf2 Nxf2
8. Kxf2 O-O 9. d4 Qf6 10. Bxc6 dxc6 11. dxe5 Qg6 12. h3 Be6 13. Be3 f6 14. Bd4
fxe5 15. Bxe5 Rad8 16. Qe2 Rd3 17. Nd2 Bd5 18. c4 Be6 19. Re1 b5 20. cxb5 cxb5
21. Bh2 Bf5 22. Qe5 Qh6 23. Kg1 Rxd2 24. Nxd2 Qxd2 25. Bf4 Qd3 26. Re3 Qb1+ 27.
Kh2 Qxa2 28. Rg3 Qf7 29. Bh6 Bg6 30. Rf3 Qd7 31. Rxf8+ Kxf8 32. Qc5+ Qd6+ 33.
Qxd6+ cxd6 34. Be3 a5 35. g4 h5 36. gxh5 Bxh5 37. Bf4 Ke7 38. h4 d5 39. Kg3 Ke6
40. Bc7 a4 41. Kf4 Kd7 42. Be5 g6 43. Ke3 Kc6 44. Kd4 b4 45. Bg7 a3 46. bxa3
bxa3 47. Kd3 Kc5 48. Ba1 Bf3 49. Kc3 Be2 50. Kb3 d4 51. Kxa3 d3 52. Bc3 Kd5 53.
Kb2 Ke4 54. Bd2 Kf3 55. Kc1 Kg4 56. Bg5 1/2-1/2

[Event "Let's Play Chess!"]
[Site "http://www.queenalice.com/game.php?id=763715"]
[Date "2010.4.20"]
[Round "-"]
[White "alesciulli"]
[Black "Lesser"]
[Result "0-1"]
[WhiteElo "1776"]
[BlackElo "1897"]

1. e4 e5 2. Nf3 Nc6 3. Bc4 h6 4. c3 Bc5 5. d4 exd4 6. cxd4 Bb4+ 7. Nc3 d6 8. d5
Na5 9. Bb5+ c6 10. Ba4 b5 11. Bb3 Bxc3+ 12. bxc3 c5 13. O-O Nf6 14. Re1 O-O 15.
h3 Re8 16. e5 dxe5 17. Rxe5 c4 18. Bc2 Rxe5 19. Nxe5 Qxd5 20. Qe2 Be6 21. Bf4
Re8 22. Rd1 Qc5 23. Qe3 Qxe3 0-1

[Event "Let's Play Chess!"]
[Site "http://www.queenalice.com/game.php?id=763716"]
[Date "2010.4.20"]
[Round "-"]
[White "Killersugus"]
[Black "alesciulli"]
[Result "0-1"]
[WhiteElo "2023"]
[BlackElo "1799"]

1. d4 d5 2. c4 e6 3. Nc3 Nf6 4. Nf3 Be7 5. Bf4 O-O 6. e3 c5 7. a3 a6 8. cxd5
exd5 9. dxc5 Bg4 10. b4 b6 0-1

[Event "Let's Play Chess!"]
[Site "http://www.queenalice.com/game.php?id=764125"]
[Date "2010.4.21"]
[Round "-"]
[White "Cronos"]
[Black "alesciulli"]
[Result "1-0"]
[WhiteElo "1874"]
[BlackElo "1789"]

1. e4 e5 2. c4 c6 3. d3 Be7 4. Nf3 d6 5. Be2 Nf6 6. O-O h6 7. h3 Be6 8. Nc3 Qc7
9. b4 a6 10. a4 Nbd7 11. Bd2 d5 12. c5 O-O 13. a5 Nh7 14. Na4 f5 15. exd5 Bxd5
16. Nb6 Nxb6 17. axb6 Qb8 18. Bc3 e4 19. Ne5 Qe8 20. Bh5 Qd8 21. Re1 Ng5 22. h4
Nf7 23. Nxf7 Rxf7 24. Bxf7+ Kxf7 25. Qh5+ Kg8 26. Qg6 Qf8 27. dxe4 fxe4 28. f3
exf3 29. gxf3 Bxh4 30. Rf1 Re8 31. Rad1 Re6 32. Qg4 Qe7 33. Kh1 Rg6 34. Qxg6 1-0

[Event "Let's Play Chess!"]
[Site "http://www.queenalice.com/game.php?id=764130"]
[Date "2010.4.21"]
[Round "-"]
[White "alesciulli"]
[Black "APSHOOTER"]
[Result "0-1"]
[WhiteElo "1796"]
[BlackElo "1630"]

1. e4 d5 2. exd5 Qxd5 3. Nc3 Qd8 4. Be2 c6 5. d4 h6 6. Nf3 e6 7. Bf4 Bd6 8. Be3
Bb4 9. Qd3 Qa5 10. Bd2 Nf6 11. O-O Bd6 12. Ne4 Qc7 13. c4 Ng4 14. h3 Bh2+ 15.
Kh1 f5 16. hxg4 fxe4 17. Qxe4 h5 18. Qg6+ Qf7 19. Qxf7+ Kxf7 20. Nxh2 hxg4 21.
Bxg4 Nd7 22. g3 b5 23. cxb5 cxb5 24. Kg1 Nf6 25. Bf3 Nd5 26. Ng4 Bb7 27. Ne5+
Kf6 28. Kg2 Rh7 29. Rh1 Rah8 30. Rxh7 Rxh7 31. Rh1 Rxh1 32. Kxh1 a6 33. a3 Kf5
34. Bxd5 Bxd5+ 35. Kg1 Ke4 36. Bc3 g5 37. Nd7 Kf3 0-1

[Event "SinAbandonar"]
[Site "http://www.queenalice.com/game.php?id=764372"]
[Date "2010.4.21"]
[Round "2"]
[White "alesciulli"]
[Black "dequeue"]
[Result "1-0"]
[WhiteElo "1822"]
[BlackElo "1800"]

1. e4 e5 2. Nf3 Nc6 3. Bb5 a6 4. Ba4 f5 5. d4 fxe4 6. Nxe5 Qh4 7. Bxc6 dxc6 8.
Qe2 Nf6 9. Nc3 Bd6 10. h3 Bg4 11. Nxg4 Bg3 12. Nxf6+ gxf6 13. fxg3 Qxg3+ 14. Qf2
Qg6 15. Be3 O-O-O 16. O-O-O f5 17. Bf4 Rhg8 18. g3 Qe6 19. Qe3 1-0

[Event "Let's Play Chess!"]
[Site "http://www.queenalice.com/game.php?id=768605"]
[Date "2010.5.2"]
[Round "-"]
[White "colatina"]
[Black "alesciulli"]
[Result "0-1"]
[WhiteElo "1842"]
[BlackElo "1765"]

1. d4 d5 2. e3 Nf6 3. h3 e6 4. c4 c5 5. cxd5 exd5 6. Bb5+ Nc6 7. Nc3 Be6 8.
Bxc6+ bxc6 9. Qe2 cxd4 10. exd4 Bb4 11. Bd2 O-O 12. Nf3 Re8 13. Ne5 Qd6 14. Bg5
Nd7 15. Nxd7 Bxd7 16. Be3 c5 17. a3 cxd4 18. axb4 dxe3 19. f3 d4 20. Rd1 Qxb4
21. O-O dxc3 22. Rxd7 Qxb2 23. Re1 Qxe2 24. Rxe2 Rac8 25. Rd1 a5 26. Kf1 f5 27.
Ke1 f4 28. Rc2 Re5 29. Rdc1 g5 30. Rxc3 Rxc3 31. Rxc3 Rb5 32. Rc4 Kg7 33. h4 Kg6
34. Rc6+ Kh5 35. hxg5 Kxg5 36. Rc7 h5 37. Rc2 Kh4 38. Ke2 Kg3 39. Kd3 Rd5+ 40.
Ke4 Rd2 41. Rc5 e2 42. Rg5+ Kf2 43. Kxf4 e1=Q 0-1

[Event "Let's Play Chess!"]
[Site "http://www.queenalice.com/game.php?id=768612"]
[Date "2010.5.2"]
[Round "-"]
[White "Xmen"]
[Black "alesciulli"]
[Result "1-0"]
[WhiteElo "1836"]
[BlackElo "1842"]

1. d4 d5 2. Nc3 Nf6 3. Bg5 e6 4. e3 Be7 5. Nf3 O-O 6. Bd3 h6 7. Bxf6 Bxf6 8. Qe2
b6 9. Ne5 Bb7 10. Qh5 c5 11. O-O-O c4 12. Be2 Bxe5 13. dxe5 a6 14. e4 d4 15.
Bxc4 b5 16. Bb3 Qb6 17. Ne2 Bxe4 18. Nxd4 Nd7 19. f3 Bg6 20. Qg4 Nc5 21. h4 a5
22. c3 Nd3+ 23. Kd2 Nf2 24. Qf4 Rad8 25. h5 Bh7 26. Bc2 b4 27. Bxh7+ Kxh7 28.
Ke2 Nxh1 29. Rxh1 bxc3 30. Qe4+ Kg8 31. bxc3 Qb2+ 32. Qc2 Rb8 33. Rc1 Qa3 34.
Qd2 Qc5 35. a4 Qxe5+ 36. Qe3 Qxh5 37. Nb5 Rfc8 38. c4 Rc5 39. Qf4 Qe5+ 40. Qxe5
Rxe5+ 41. Kf2 Rc8 42. Na7 Rc7 43. Nb5 Rcc5 44. g3 g5 45. Nd6 Red5 46. Ne4 Kg7
47. Nxc5 Rxc5 48. Ke3 Kf6 49. Kf2 Ke5 50. Ke3 f5 51. f4+ Kf6 52. Kd4 Rc6 53. c5
gxf4 54. gxf4 Kg6 55. Rb1 Kh5 56. Rb6 1-0

[Event "Challenge"]
[Site "http://www.queenalice.com/game.php?id=769215"]
[Date "2010.5.1"]
[Round "-"]
[White "ORNELAS"]
[Black "alesciulli"]
[Result "0-1"]
[WhiteElo "1761"]
[BlackElo "1784"]

1. b3 e5 2. d4 exd4 3. Qxd4 Nf6 4. Bb2 Nc6 5. Qe3+ Qe7 6. Qg3 d6 7. Bxf6 Qxf6 8.
c3 Bf5 9. Nd2 Be7 10. e4 Bg6 11. Rc1 a6 12. Qd3 Ne5 13. Qc2 c6 14. Ngf3 d5 15.
g3 Nxf3+ 16. Nxf3 Qxf3 17. Rg1 Bxe4 18. Qd2 O-O 19. Be2 Qf6 20. Qe3 Rfe8 21. Qb6
Ba3 22. Rd1 Qxc3+ 23. Kf1 Bc5 24. Qxb7 Ba7 25. Qd7 Bf3 26. Bxf3 Qxf3 27. Qxc6
Qxf2# 0-1

[Event "Let's Play Chess!"]
[Site "http://www.queenalice.com/game.php?id=772726"]
[Date "2010.5.9"]
[Round "-"]
[White "elche"]
[Black "alesciulli"]
[Result "0-1"]
[WhiteElo "1871"]
[BlackElo "1824"]

1. e4 e5 2. Nf3 Nc6 3. Bc4 Bc5 4. O-O d6 5. c3 Qf6 6. d4 Bb6 7. dxe5 Nxe5 8.
Nxe5 dxe5 9. Be3 Qg6 10. Bxb6 axb6 11. Qb3 Bh3 12. Bxf7+ Qxf7 13. Qb5+ Bd7 14.
Qxe5+ Ne7 15. Qxc7 Bc6 16. Qe5 O-O 17. Nd2 Ng6 18. Qg3 Rxa2 19. Qe3 Rxb2 20.
Rab1 Rxb1 21. Rxb1 b5 22. Nb3 Ne5 23. Nd4 Nc4 24. Qe2 Bxe4 25. Rxb5 Nd6 0-1

[Event "Let's Play Chess!"]
[Site "http://www.queenalice.com/game.php?id=779485"]
[Date "2010.5.23"]
[Round "-"]
[White "Mannu"]
[Black "alesciulli"]
[Result "1-0"]
[WhiteElo "2108"]
[BlackElo "1842"]

1. d4 d5 2. c4 e6 3. e3 Nf6 4. Nc3 c5 5. dxc5 Bxc5 6. cxd5 exd5 7. Nf3 O-O 8.
Be2 Nc6 9. O-O Re8 10. Qb3 Bb6 11. Bb5 Be6 12. Qa4 Qd6 13. b3 a6 14. Bd3 h6 15.
Ba3 Bc5 16. Bxc5 Qxc5 17. Rac1 Qb6 18. Rfd1 1-0